Thermo-electric pyrometry in the rubber industry (Record no. 71250)

MARC details
000 -LEADER
fixed length control field 00313nam a2200121Ia 4500
100 ## - MAIN ENTRY--AUTHOR NAME
Personal name Simpson E
245 #0 - TITLE STATEMENT
Title Thermo-electric pyrometry in the rubber industry
260 ## - PUBLICATION, DISTRIBUTION, ETC. (IMPRINT)
Name of publisher IRI Transactions
Year of publication 1938
300 ## - PHYSICAL DESCRIPTION
Number of Pages 396-412
650 ## - SUBJECT ADDED ENTRY--TOPICAL TERM
Topical Term Rubber industry
942 ## - ADDED ENTRY ELEMENTS (KOHA)
Koha item type Journals
Holdings
Withdrawn status Lost status Damaged status Not for loan Home library Current library Shelving location Date acquired Serial Enumeration / chronology Koha item type
      Journals RRII Library RRII Library Rubber chemistry 17/12/2021 Volume 13, Issue 5 Journals